Lo femenino y lo masculino en la vida cotidiana. Mesa redonda /

Wedi'i Gadw mewn:
Manylion Llyfryddiaeth
Prif Awdur: Vega Robles, Isabel
Fformat: Anhysbys
Cyhoeddwyd: San José: UCR. FCS. IIP
Tagiau: Ychwanegu Tag
Dim Tagiau, Byddwch y cyntaf i dagio'r cofnod hwn!

MARC

LEADER 00000 a2200000 04500
001 12026
003
008 991231s d
040
090 |a 141603  
100 |a Vega Robles, Isabel  
245 |a Lo femenino y lo masculino en la vida cotidiana. Mesa redonda /  |c Isabel Vega Robles 
260 |a San José:   |b UCR. FCS. IIP  
300 |a 45 p.  
999 |c 8835  |d 8835